| 000 | 01674cam a2200421 a 4500 | ||
|---|---|---|---|
| 999 |
_c232629 _d232629 |
||
| 001 | 1460911 | ||
| 003 | Nust | ||
| 005 | 20170221160231.0 | ||
| 008 | 860508t19861984cauaf 000 1 eng | ||
| 010 | _a 86012034 | ||
| 020 | _a9798131704393 | ||
| 040 |
_aDLC _cDLC _dDLC |
||
| 042 | _alcac | ||
| 043 | _an-usn-- | ||
| 050 | 0 | 0 |
_aPS1868.A2 _bE46 1986 |
| 082 | 0 | 0 |
_a813.3 _bHAW |
| 100 | 1 |
_aHawthorne, Nathaniel, _d1804-1864. |
|
| 245 | 1 | 4 |
_aThe scarlet letter : _cNathaniel Hawthorne ; |
| 250 | _a1st ed. | ||
| 260 |
_aSan Diego : _bHarcourt Brace Jovanovich, _c1986 |
||
| 300 |
_axlviii 325 p.: _c28 cm. |
||
| 520 | _aIn early colonial Massachusetts, a young woman endures the consequences of her sin of adultery and spends the rest of her life in atonement. | ||
| 650 | 0 |
_aTriangles (Interpersonal relations) _vFiction. |
|
| 650 | 0 |
_aIllegitimate children _vFiction. |
|
| 650 | 0 |
_aWomen immigrants _vFiction. |
|
| 650 | 0 |
_aMarried women _vFiction. |
|
| 650 | 0 |
_aPuritans _vFiction. |
|
| 650 | 0 |
_aAdultery _vFiction. |
|
| 650 | 0 |
_aRevenge _vFiction. |
|
| 650 | 0 |
_aClergy _vFiction. |
|
| 650 | 1 |
_aPuritans _zMassachusetts _xFiction. |
|
| 651 | 0 |
_aBoston (Mass.) _xHistory _yColonial period, ca. 1600-1775 _vFiction. |
|
| 651 | 1 |
_aMassachusetts _xHistory _yColonial period, ca.1600-1775 _xFiction. |
|
| 655 | 7 |
_aPsychological fiction. _2lcsh |
|
| 655 | 7 |
_aHistorical fiction. _2gsafd |
|
| 700 | 1 |
_aMoser, Barry, _eill. |
|
| 906 |
_a7 _bcbc _corignew _d1 _eocip _f19 _gy-gencatlg |
||
| 942 |
_2ddc _cBK |
||